header

Rewiring politics (Record no. 90899)

MARC details
000 -LEADER
fixed length control field 01453nam a2200361Ia 4500
245 00 - TITLE STATEMENT
Title Rewiring politics
260 ## - PUBLICATION, DISTRIBUTION, ETC. (IMPRINT)
Place of publication Baton Rouge :
Name of publisher Louisiana State University Press,
Year of publication c2007.
300 ## - PHYSICAL DESCRIPTION
Number of Pages viii, 212 p. :
Other physical details ill.
490 1# - SERIES STATEMENT
Series statement Media and public affairs
650 #0 - SUBJECT ADDED ENTRY--TOPICAL TERM
Topical Term Mass media
Topical Term Nominations for office
Topical Term Political conventions
Topical Term Presidents
700 1# - ADDED ENTRY--PERSONAL NAME
Personal name Panagopoulos, Costas.
856 40 - ELECTRONIC LOCATION AND ACCESS
Uniform Resource Identifier http://site.ebrary.com/lib/rucke/Doc?id=10554004

No items available.

© 2026 Rongo University
Contact us: librarian | system librarian | Rongo university